[Event "April 9 Late 2024"]
[Site "Chess.com"]
[Date "2024.04.09"]
[Round "10"]
[White "Zhigalko, Sergei"]
[Black "Rosen, Eric"]
[Result "1-0"]
[Board "14"]
[WhiteFideId "13502956"]
[BlackFideId "2032562"]
[WhiteTitle "GM"]
[BlackTitle "IM"]
[WhiteElo "2891"]
[BlackElo "2792"]
[WhiteTeam "BLR"]
[BlackTeam "USA"]
[WhiteClock "0:00:09"]
[BlackClock "0:00:01"]
[Variant "Standard"]

1. e4 {[%clk 0:03:00]}  c5 {[%clk 0:02:59]} 2. c3 {[%clk 0:02:59]}  d5 {[%clk 0:02:59]} 3. exd5 {[%clk 0:03:00]}  Qxd5 {[%clk 0:03:00]} 4. d4 {[%clk 0:03:00]}  Nf6 {[%clk 0:03:00]} 5. Nf3 {[%clk 0:03:01]}  e6 {[%clk 0:03:01]} 6. Na3 {[%clk 0:02:58]}  Nc6 {[%clk 0:03:01]} 7. Be3 {[%clk 0:02:58]}  cxd4 {[%clk 0:02:58]} 8. Nb5 {[%clk 0:02:58]}  Qd8 {[%clk 0:02:58]} 9. Nbxd4 {[%clk 0:02:59]}  Nd5 {[%clk 0:02:58]} 10. Bd3 {[%clk 0:02:59]}  Nxe3 {[%clk 0:02:53]} 11. fxe3 {[%clk 0:03:00]}  Bd7 {[%clk 0:02:43]} 12. Qc2 {[%clk 0:02:56]}  Be7 {[%clk 0:02:37]} 13. Bxh7 {[%clk 0:02:53]}  e5 {[%clk 0:01:51]} 14. Nxc6 {[%clk 0:02:49]}  Bxc6 {[%clk 0:01:52]} 15. Be4 {[%clk 0:02:48]}  Qb6 {[%clk 0:01:53]} 16. Bxc6+ {[%clk 0:02:38]}  bxc6 {[%clk 0:01:53]} 17. O-O-O {[%clk 0:02:28]}  Qxe3+ {[%clk 0:01:45]} 18. Kb1 {[%clk 0:02:27]}  Qf4 {[%clk 0:01:42]} 19. Rhe1 {[%clk 0:02:21]}  Bf6 {[%clk 0:01:29]} 20. Re4 {[%clk 0:02:05]}  Qh6 {[%clk 0:01:18]} 21. Nxe5 {[%clk 0:02:04]}  O-O {[%clk 0:01:11]} 22. Ng4 {[%clk 0:01:42]}  Qg6 {[%clk 0:01:02]} 23. Rc4 {[%clk 0:01:35]}  Qg5 {[%clk 0:00:54]} 24. g3 {[%clk 0:00:30]}  Rfd8 {[%clk 0:00:29]} 25. Rf1 {[%clk 0:00:29]}  Be7 {[%clk 0:00:20]} 26. Rcf4 {[%clk 0:00:23]}  Bf8 {[%clk 0:00:08]} 27. Qf5 {[%clk 0:00:12]}  Qxf5+ {[%clk 0:00:04]} 28. Rxf5 {[%clk 0:00:13]}  f6 {[%clk 0:00:05]} 29. Kc2 {[%clk 0:00:13]}  Rab8 {[%clk 0:00:05]} 30. R5f2 {[%clk 0:00:10]}  Rb7 {[%clk 0:00:05]} 31. Re2 {[%clk 0:00:09]}  a5 {[%clk 0:00:04]} 32. Ne3 {[%clk 0:00:09]}  a4 {[%clk 0:00:04]} 33. Nc4 {[%clk 0:00:09]}  Bc5 {[%clk 0:00:04]} 34. Rd1 {[%clk 0:00:09]}  Rdb8 {[%clk 0:00:04]} 35. a3 {[%clk 0:00:09]}  Kf7 {[%clk 0:00:04]} 36. Rd3 {[%clk 0:00:07]}  Be7 {[%clk 0:00:04]} 37. Rd4 {[%clk 0:00:06]}  Rb5 {[%clk 0:00:02]} 38. Rd7 {[%clk 0:00:05]}  Re8 {[%clk 0:00:01]} 39. Nd6+ {[%clk 0:00:05]}  Kg6 {[%clk 0:00:01]} 40. Nxe8 {[%clk 0:00:06]}  Bf8 {[%clk 0:00:01]} 41. Nc7 {[%clk 0:00:06]}  Rh5 {[%clk 0:00:01]} 42. Ne6 {[%clk 0:00:06]}  Bc5 {[%clk 0:00:01]} 43. Nf4+ {[%clk 0:00:06]}  Kg5 {[%clk 0:00:01]} 44. Nxh5 {[%clk 0:00:07]}  Kxh5 {[%clk 0:00:01]} 45. Rc7 {[%clk 0:00:07]}  Bg1 {[%clk 0:00:01]} 46. Rxc6 {[%clk 0:00:08]}  f5 {[%clk 0:00:02]} 47. Rc4 {[%clk 0:00:08]}  g5 {[%clk 0:00:02]} 48. Rxa4 {[%clk 0:00:07]}  f4 {[%clk 0:00:01]} 49. gxf4 {[%clk 0:00:07]}  g4 {[%clk 0:00:02]} 50. Rg2 {[%clk 0:00:08]}  Be3 {[%clk 0:00:02]} 51. f5 {[%clk 0:00:08]}  Bg5 {[%clk 0:00:02]} 52. Raxg4 {[%clk 0:00:08]}  Bf6 {[%clk 0:00:02]} 53. c4 {[%clk 0:00:08]}  Be7 {[%clk 0:00:02]} 54. b4 {[%clk 0:00:08]}  Bf6 {[%clk 0:00:02]} 55. c5 {[%clk 0:00:09]}  Be7 {[%clk 0:00:02]} 56. c6 {[%clk 0:00:09]}  Bd8 {[%clk 0:00:02]} 57. b5 {[%clk 0:00:09]}  Bc7 {[%clk 0:00:01]} 58. f6 {[%clk 0:00:09]}  Bd8 {[%clk 0:00:01]} 59. f7 {[%clk 0:00:09]}  Be7 {[%clk 0:00:02]} 60. c7 {[%clk 0:00:09]}  Bb4 {[%clk 0:00:01]} 61. c8=Q {[%clk 0:00:09]}  Bf8 {[%clk 0:00:01]} 62. Qf5+ {[%clk 0:00:09]}  Kh6 {[%clk 0:00:01]} 63. Qg6# {[%clk 0:00:09]} 1-0

[Event "April 9 Late 2024"]
[Site "Chess.com"]
[Date "2024.04.09"]
[Round "10"]
[White "Vakhlamov, Igor L."]
[Black "Munoz, Miguel"]
[Result "1-0"]
[Board "15"]
[WhiteFideId "24126748"]
[BlackFideId "3800229"]
[WhiteTitle "FM"]
[BlackTitle "GM"]
[WhiteElo "2873"]
[BlackElo "2687"]
[WhiteTeam "RUS"]
[BlackTeam "PER"]
[WhiteClock "0:00:11"]
[BlackClock "0:00:28"]
[Variant "Standard"]

1. e4 {[%clk 0:02:59]}  d5 {[%clk 0:02:58]} 2. exd5 {[%clk 0:03:00]}  Qxd5 {[%clk 0:02:59]} 3. Nc3 {[%clk 0:03:01]}  Qa5 {[%clk 0:02:59]} 4. d4 {[%clk 0:03:01]}  Nf6 {[%clk 0:03:00]} 5. Nf3 {[%clk 0:03:01]}  Bg4 {[%clk 0:03:00]} 6. h3 {[%clk 0:03:02]}  Bxf3 {[%clk 0:03:01]} 7. Qxf3 {[%clk 0:03:02]}  c6 {[%clk 0:03:01]} 8. Bc4 {[%clk 0:03:00]}  Nbd7 {[%clk 0:02:59]} 9. Bd2 {[%clk 0:03:00]}  e6 {[%clk 0:02:56]} 10. O-O {[%clk 0:02:46]}  Qb6 {[%clk 0:02:53]} 11. Qd3 {[%clk 0:02:42]}  Bd6 {[%clk 0:02:48]} 12. Rfe1 {[%clk 0:02:41]}  O-O {[%clk 0:02:45]} 13. a4 {[%clk 0:02:35]}  a5 {[%clk 0:02:41]} 14. Ne4 {[%clk 0:02:32]}  Nxe4 {[%clk 0:02:37]} 15. Qxe4 {[%clk 0:02:33]}  Nf6 {[%clk 0:02:34]} 16. Qh4 {[%clk 0:02:32]}  Rfd8 {[%clk 0:02:33]} 17. Bd3 {[%clk 0:02:31]}  Bc7 {[%clk 0:02:15]} 18. Be3 {[%clk 0:01:54]}  Rd5 {[%clk 0:02:11]} 19. g4 {[%clk 0:01:39]}  h6 {[%clk 0:02:05]} 20. Bxh6 {[%clk 0:01:35]}  Qxd4 {[%clk 0:02:02]} 21. Be3 {[%clk 0:01:10]}  Qb4 {[%clk 0:01:57]} 22. b3 {[%clk 0:01:03]}  Rh5 {[%clk 0:01:54]} 23. c3 {[%clk 0:00:48]}  Rxh4 {[%clk 0:01:55]} 24. cxb4 {[%clk 0:00:48]}  Rxh3 {[%clk 0:01:55]} 25. g5 {[%clk 0:00:12]}  Nd5 {[%clk 0:01:54]} 26. Bf1 {[%clk 0:00:13]}  Rh4 {[%clk 0:01:48]} 27. bxa5 {[%clk 0:00:12]}  Bxa5 {[%clk 0:01:44]} 28. Re2 {[%clk 0:00:09]}  Rg4+ {[%clk 0:01:34]} 29. Bg2 {[%clk 0:00:09]}  Nxe3 {[%clk 0:01:33]} 30. Rxe3 {[%clk 0:00:09]}  Rxg5 {[%clk 0:01:33]} 31. Rd1 {[%clk 0:00:10]}  Rb8 {[%clk 0:01:27]} 32. Rd7 {[%clk 0:00:10]}  Bb6 {[%clk 0:01:23]} 33. Rf3 {[%clk 0:00:10]}  Rf5 {[%clk 0:01:23]} 34. Rxf5 {[%clk 0:00:10]}  exf5 {[%clk 0:01:24]} 35. Bf1 {[%clk 0:00:11]}  g5 {[%clk 0:01:05]} 36. Bc4 {[%clk 0:00:11]}  Kg7 {[%clk 0:01:05]} 37. Rxf7+ {[%clk 0:00:10]}  Kg6 {[%clk 0:01:06]} 38. Rd7 {[%clk 0:00:10]}  g4 {[%clk 0:01:05]} 39. Kg2 {[%clk 0:00:10]}  Kf6 {[%clk 0:01:03]} 40. f3 {[%clk 0:00:11]}  gxf3+ {[%clk 0:01:02]} 41. Kxf3 {[%clk 0:00:12]}  Bc5 {[%clk 0:01:02]} 42. Kf4 {[%clk 0:00:11]}  Ba3 {[%clk 0:00:47]} 43. Rf7+ {[%clk 0:00:11]}  Kg6 {[%clk 0:00:48]} 44. Rxf5 {[%clk 0:00:11]}  Bd6+ {[%clk 0:00:46]} 45. Kg4 {[%clk 0:00:11]}  Be7 {[%clk 0:00:45]} 46. Bd3 {[%clk 0:00:10]}  Kg7 {[%clk 0:00:45]} 47. Bc4 {[%clk 0:00:10]}  Bf6 {[%clk 0:00:45]} 48. Rf4 {[%clk 0:00:09]}  Rd8 {[%clk 0:00:45]} 49. Re4 {[%clk 0:00:09]}  Rd2 {[%clk 0:00:44]} 50. Kf5 {[%clk 0:00:10]}  Rb2 {[%clk 0:00:43]} 51. Rg4+ {[%clk 0:00:09]}  Kf8 {[%clk 0:00:41]} 52. Kxf6 {[%clk 0:00:09]}  Rf2+ {[%clk 0:00:42]} 53. Ke6 {[%clk 0:00:09]}  b5 {[%clk 0:00:41]} 54. axb5 {[%clk 0:00:10]}  cxb5 {[%clk 0:00:42]} 55. Bxb5 {[%clk 0:00:09]}  Rb2 {[%clk 0:00:39]} 56. Bc4 {[%clk 0:00:09]}  Rd2 {[%clk 0:00:39]} 57. Ke5 {[%clk 0:00:09]}  Ke8 {[%clk 0:00:38]} 58. Rd4 {[%clk 0:00:09]}  Rh2 {[%clk 0:00:37]} 59. Kd5 {[%clk 0:00:09]}  Kd7 {[%clk 0:00:37]} 60. Kc5+ {[%clk 0:00:09]}  Kc7 {[%clk 0:00:37]} 61. b4 {[%clk 0:00:10]}  Rh5+ {[%clk 0:00:37]} 62. Rd5 {[%clk 0:00:11]}  Rh2 {[%clk 0:00:37]} 63. b5 {[%clk 0:00:11]}  Rb2 {[%clk 0:00:37]} 64. Rf5 {[%clk 0:00:11]}  Kd7 {[%clk 0:00:37]} 65. Rf7+ {[%clk 0:00:12]}  Kd8 {[%clk 0:00:38]} 66. Rg7 {[%clk 0:00:12]}  Rb1 {[%clk 0:00:37]} 67. b6 {[%clk 0:00:12]}  Rb2 {[%clk 0:00:37]} 68. b7 {[%clk 0:00:12]}  Rb1 {[%clk 0:00:36]} 69. Kd6 {[%clk 0:00:09]}  Rb6+ {[%clk 0:00:34]} 70. Kc5 {[%clk 0:00:10]}  Rb1 {[%clk 0:00:35]} 71. Bd5 {[%clk 0:00:10]}  Rb2 {[%clk 0:00:33]} 72. Rg8+ {[%clk 0:00:10]}  Kc7 {[%clk 0:00:32]} 73. Rc8+ {[%clk 0:00:10]}  Kd7 {[%clk 0:00:33]} 74. Bc6+ {[%clk 0:00:11]}  Ke7 {[%clk 0:00:28]} 75. b8=Q {[%clk 0:00:11]} 1-0

[Event "April 9 Late 2024"]
[Site "Chess.com"]
[Date "2024.04.09"]
[Round "10"]
[White "Ticona Rocabado, Licael Roderick"]
[Black "Galaktionov, Artem"]
[Result "1-0"]
[Board "25"]
[WhiteFideId "3319113"]
[BlackFideId "24175471"]
[WhiteTitle "IM"]
[BlackTitle "FM"]
[WhiteElo "2645"]
[BlackElo "2870"]
[WhiteTeam "BOL"]
[BlackTeam "RUS"]
[WhiteClock "0:00:02"]
[BlackClock "0:00:00"]
[Variant "Standard"]

1. e4 {[%clk 0:03:00]}  c6 {[%clk 0:03:00]} 2. d4 {[%clk 0:03:00]}  g6 {[%clk 0:03:01]} 3. Nf3 {[%clk 0:03:01]}  d6 {[%clk 0:03:01]} 4. c4 {[%clk 0:03:01]}  Bg7 {[%clk 0:03:00]} 5. Nc3 {[%clk 0:03:02]}  Nd7 {[%clk 0:03:00]} 6. Be2 {[%clk 0:03:02]}  e5 {[%clk 0:03:01]} 7. O-O {[%clk 0:03:03]}  Ngf6 {[%clk 0:03:01]} 8. Be3 {[%clk 0:02:56]}  O-O {[%clk 0:03:00]} 9. Qd2 {[%clk 0:02:56]}  Qe7 {[%clk 0:03:00]} 10. Rfe1 {[%clk 0:02:55]}  exd4 {[%clk 0:02:59]} 11. Nxd4 {[%clk 0:02:56]}  Nxe4 {[%clk 0:02:59]} 12. Nxe4 {[%clk 0:02:52]}  Qxe4 {[%clk 0:03:00]} 13. Bf3 {[%clk 0:02:52]}  Qe7 {[%clk 0:02:59]} 14. Nxc6 {[%clk 0:02:38]}  bxc6 {[%clk 0:02:49]} 15. Bxc6 {[%clk 0:02:39]}  Rb8 {[%clk 0:02:21]} 16. Bxa7 {[%clk 0:02:38]}  Rxb2 {[%clk 0:02:01]} 17. Qxb2 {[%clk 0:02:26]}  Qxe1+ {[%clk 0:02:00]} 18. Rxe1 {[%clk 0:02:26]}  Bxb2 {[%clk 0:02:01]} 19. Re7 {[%clk 0:02:27]}  Bf6 {[%clk 0:01:57]} 20. Rxd7 {[%clk 0:02:26]}  Bxd7 {[%clk 0:01:57]} 21. Bxd7 {[%clk 0:02:27]}  Ra8 {[%clk 0:01:57]} 22. Be3 {[%clk 0:02:25]}  Rxa2 {[%clk 0:01:57]} 23. g3 {[%clk 0:02:24]}  Rc2 {[%clk 0:01:54]} 24. Bb5 {[%clk 0:02:23]}  Kf8 {[%clk 0:01:52]} 25. Kg2 {[%clk 0:02:22]}  Ke7 {[%clk 0:01:51]} 26. Kf3 {[%clk 0:02:22]}  Be5 {[%clk 0:01:49]} 27. Ke4 {[%clk 0:02:23]}  f5+ {[%clk 0:01:42]} 28. Kd3 {[%clk 0:02:23]}  Rb2 {[%clk 0:01:41]} 29. Bc6 {[%clk 0:02:21]}  Rb3+ {[%clk 0:01:37]} 30. Ke2 {[%clk 0:02:21]}  Bg7 {[%clk 0:01:29]} 31. Bd5 {[%clk 0:02:21]}  h6 {[%clk 0:01:28]} 32. h4 {[%clk 0:02:21]}  h5 {[%clk 0:01:28]} 33. Bg5+ {[%clk 0:02:16]}  Bf6 {[%clk 0:01:28]} 34. Bf4 {[%clk 0:02:16]}  Bd4 {[%clk 0:01:25]} 35. Bg5+ {[%clk 0:02:12]}  Ke8 {[%clk 0:01:23]} 36. Bf4 {[%clk 0:02:06]}  Rb2+ {[%clk 0:01:18]} 37. Kd3 {[%clk 0:02:06]}  Bc5 {[%clk 0:01:18]} 38. f3 {[%clk 0:02:07]}  Rb3+ {[%clk 0:01:13]} 39. Ke2 {[%clk 0:02:07]}  Ke7 {[%clk 0:01:11]} 40. Bg5+ {[%clk 0:02:07]}  Kf8 {[%clk 0:01:12]} 41. Bf4 {[%clk 0:02:05]}  Kg7 {[%clk 0:01:09]} 42. Bg5 {[%clk 0:02:04]}  Bd4 {[%clk 0:01:08]} 43. Kf1 {[%clk 0:01:30]}  Rb2 {[%clk 0:01:03]} 44. Be7 {[%clk 0:01:18]}  Bc5 {[%clk 0:00:57]} 45. Bg5 {[%clk 0:01:18]}  Rc2 {[%clk 0:00:48]} 46. Bf4 {[%clk 0:01:17]}  Kf8 {[%clk 0:00:47]} 47. Bh6+ {[%clk 0:01:15]}  Ke8 {[%clk 0:00:47]} 48. Bf4 {[%clk 0:01:14]}  Rf2+ {[%clk 0:00:42]} 49. Ke1 {[%clk 0:01:14]}  Rb2 {[%clk 0:00:42]} 50. Kf1 {[%clk 0:01:12]}  Rb6 {[%clk 0:00:38]} 51. Ke2 {[%clk 0:01:07]}  Bd4 {[%clk 0:00:39]} 52. Kf1 {[%clk 0:00:39]}  Be5 {[%clk 0:00:38]} 53. Be3 {[%clk 0:00:39]}  Rb3 {[%clk 0:00:37]} 54. Bf2 {[%clk 0:00:38]}  Rc3 {[%clk 0:00:35]} 55. f4 {[%clk 0:00:35]}  Bf6 {[%clk 0:00:35]} 56. Kg2 {[%clk 0:00:35]}  Rd3 {[%clk 0:00:33]} 57. Kf1 {[%clk 0:00:33]}  Bc3 {[%clk 0:00:27]} 58. Ke2 {[%clk 0:00:32]}  Rd2+ {[%clk 0:00:27]} 59. Kf3 {[%clk 0:00:32]}  Bd4 {[%clk 0:00:25]} 60. Be1 {[%clk 0:00:11]}  Rc2 {[%clk 0:00:25]} 61. Bg8 {[%clk 0:00:08]}  Kf8 {[%clk 0:00:21]} 62. Bd5 {[%clk 0:00:08]}  Ke7 {[%clk 0:00:21]} 63. Bg8 {[%clk 0:00:08]}  Kd7 {[%clk 0:00:20]} 64. Bf7 {[%clk 0:00:07]}  Ke7 {[%clk 0:00:18]} 65. Bxg6 {[%clk 0:00:07]}  Kf6 {[%clk 0:00:18]} 66. Bxh5 {[%clk 0:00:07]}  Rxc4 {[%clk 0:00:19]} 67. Be8 {[%clk 0:00:04]}  d5 {[%clk 0:00:18]} 68. g4 {[%clk 0:00:03]}  fxg4+ {[%clk 0:00:16]} 69. Kxg4 {[%clk 0:00:04]}  Rc8 {[%clk 0:00:15]} 70. Bd7 {[%clk 0:00:02]}  Rc7 {[%clk 0:00:13]} 71. Bb5 {[%clk 0:00:02]}  Bc3 {[%clk 0:00:14]} 72. Bf2 {[%clk 0:00:02]}  d4 {[%clk 0:00:14]} 73. h5 {[%clk 0:00:03]}  Rg7+ {[%clk 0:00:14]} 74. Kf3 {[%clk 0:00:03]}  Rh7 {[%clk 0:00:08]} 75. Be8 {[%clk 0:00:02]}  d3 {[%clk 0:00:07]} 76. Bg6 {[%clk 0:00:02]}  d2 {[%clk 0:00:07]} 77. Bc2 {[%clk 0:00:01]}  Rxh5 {[%clk 0:00:07]} 78. Bd1 {[%clk 0:00:01]}  Rh8 {[%clk 0:00:03]} 79. Ke2 {[%clk 0:00:01]}  Rd8 {[%clk 0:00:03]} 80. Bc2 {[%clk 0:00:01]}  Bb4 {[%clk 0:00:02]} 81. Bd1 {[%clk 0:00:01]}  Re8+ {[%clk 0:00:01]} 82. Kd3 {[%clk 0:00:01]}  Kf5 {[%clk 0:00:01]} 83. Be3 {[%clk 0:00:01]}  Rd8+ {[%clk 0:00:00]} 84. Ke2 {[%clk 0:00:02]} 1-0

[Event "April 9 Late 2024"]
[Site "Chess.com"]
[Date "2024.04.09"]
[Round "10"]
[White "Gokhale Rishabh Chandrashekhar"]
[Black "Sahakyan, Aleks"]
[Result "0-1"]
[Board "27"]
[WhiteFideId "35007416"]
[BlackFideId "13316338"]
[BlackTitle "FM"]
[WhiteElo "2612"]
[BlackElo "2822"]
[WhiteTeam "IND"]
[BlackTeam "ARM"]
[WhiteClock "0:00:06"]
[BlackClock "0:00:45"]
[Variant "Standard"]

1. h3 {[%clk 0:03:00]}  e5 {[%clk 0:02:58]} 2. g3 {[%clk 0:03:01]}  d5 {[%clk 0:02:59]} 3. Bg2 {[%clk 0:03:02]}  Nf6 {[%clk 0:02:59]} 4. d3 {[%clk 0:03:02]}  Nc6 {[%clk 0:02:59]} 5. Nd2 {[%clk 0:03:03]}  Bc5 {[%clk 0:02:59]} 6. e4 {[%clk 0:03:03]}  dxe4 {[%clk 0:02:59]} 7. dxe4 {[%clk 0:03:01]}  Qd4 {[%clk 0:02:51]} 8. Qe2 {[%clk 0:02:59]}  Be6 {[%clk 0:02:35]} 9. Ngf3 {[%clk 0:02:57]}  Qd7 {[%clk 0:02:30]} 10. Ng5 {[%clk 0:02:55]}  Nd4 {[%clk 0:02:30]} 11. Qd3 {[%clk 0:02:46]}  O-O-O {[%clk 0:02:22]} 12. O-O {[%clk 0:02:38]}  h6 {[%clk 0:02:18]} 13. Nxe6 {[%clk 0:02:38]}  Qxe6 {[%clk 0:02:17]} 14. Kh1 {[%clk 0:02:22]}  Bb6 {[%clk 0:02:13]} 15. Nf3 {[%clk 0:02:06]}  Nxf3 {[%clk 0:02:09]} 16. Qxf3 {[%clk 0:02:07]}  Rd7 {[%clk 0:02:05]} 17. a4 {[%clk 0:02:03]}  a5 {[%clk 0:02:03]} 18. Be3 {[%clk 0:01:40]}  Bxe3 {[%clk 0:02:02]} 19. Qxe3 {[%clk 0:01:41]}  Kb8 {[%clk 0:02:02]} 20. Rfd1 {[%clk 0:01:38]}  Rhd8 {[%clk 0:02:00]} 21. Rxd7 {[%clk 0:01:38]}  Rxd7 {[%clk 0:02:00]} 22. Qc3 {[%clk 0:01:25]}  b6 {[%clk 0:01:56]} 23. Kh2 {[%clk 0:01:25]}  Qd6 {[%clk 0:01:51]} 24. Ra3 {[%clk 0:01:01]}  Qd4 {[%clk 0:01:46]} 25. Qc6 {[%clk 0:00:48]}  Rd6 {[%clk 0:01:42]} 26. Qb5 {[%clk 0:00:43]}  Qxf2 {[%clk 0:01:41]} 27. Rf3 {[%clk 0:00:19]}  Qc5 {[%clk 0:01:08]} 28. Qe2 {[%clk 0:00:19]}  Rd4 {[%clk 0:01:04]} 29. Rc3 {[%clk 0:00:18]}  Qd6 {[%clk 0:01:03]} 30. Qb5 {[%clk 0:00:17]}  Kb7 {[%clk 0:00:58]} 31. Kh1 {[%clk 0:00:16]}  Rd1+ {[%clk 0:00:54]} 32. Bf1 {[%clk 0:00:15]}  Nxe4 {[%clk 0:00:51]} 33. Qa6+ {[%clk 0:00:10]}  Kb8 {[%clk 0:00:49]} 34. Re3 {[%clk 0:00:10]}  Nd2 {[%clk 0:00:46]} 35. Rd3 {[%clk 0:00:09]}  Rxf1+ {[%clk 0:00:45]} 36. Kg2 {[%clk 0:00:06]}  Qc6+ {[%clk 0:00:45]} 0-1

[Event "April 9 Late 2024"]
[Site "Chess.com"]
[Date "2024.04.09"]
[Round "10"]
[White "Ezat, Mohamed"]
[Black "Kosteniuk, Alexandra"]
[Result "1-0"]
[Board "29"]
[WhiteFideId "10600906"]
[BlackFideId "4128125"]
[WhiteTitle "IM"]
[BlackTitle "GM"]
[WhiteElo "2552"]
[BlackElo "2782"]
[WhiteTeam "EGY"]
[BlackTeam "SUI"]
[WhiteClock "0:00:08"]
[BlackClock "0:00:10"]
[Variant "Standard"]

1. d4 {[%clk 0:03:00]}  f5 {[%clk 0:02:59]} 2. Nc3 {[%clk 0:02:59]}  Nf6 {[%clk 0:02:59]} 3. Bg5 {[%clk 0:02:58]}  d5 {[%clk 0:02:59]} 4. Bxf6 {[%clk 0:02:57]}  exf6 {[%clk 0:03:00]} 5. e3 {[%clk 0:02:56]}  Be6 {[%clk 0:02:58]} 6. Bd3 {[%clk 0:02:54]}  Nc6 {[%clk 0:02:51]} 7. a3 {[%clk 0:02:53]}  Qd7 {[%clk 0:02:49]} 8. Qf3 {[%clk 0:02:51]}  O-O-O {[%clk 0:02:48]} 9. Nge2 {[%clk 0:02:50]}  g5 {[%clk 0:02:47]} 10. h3 {[%clk 0:02:42]}  h5 {[%clk 0:02:46]} 11. O-O-O {[%clk 0:02:24]}  Ne7 {[%clk 0:02:37]} 12. g4 {[%clk 0:02:12]}  fxg4 {[%clk 0:02:29]} 13. Qxf6 {[%clk 0:02:09]}  Rg8 {[%clk 0:02:28]} 14. hxg4 {[%clk 0:02:07]}  Bxg4 {[%clk 0:02:27]} 15. f3 {[%clk 0:01:34]}  Bg7 {[%clk 0:02:28]} 16. Qxg5 {[%clk 0:01:34]}  Bxf3 {[%clk 0:02:19]} 17. Rhf1 {[%clk 0:01:31]}  Bxd4 {[%clk 0:02:13]} 18. Qf4 {[%clk 0:01:30]}  Bxe2 {[%clk 0:01:58]} 19. Nxe2 {[%clk 0:01:29]}  Bh8 {[%clk 0:01:55]} 20. Qh4 {[%clk 0:01:22]}  Kb8 {[%clk 0:01:43]} 21. Qxh5 {[%clk 0:01:19]}  Nc6 {[%clk 0:01:42]} 22. Bb5 {[%clk 0:01:13]}  Qe6 {[%clk 0:01:38]} 23. Bxc6 {[%clk 0:00:55]}  Qxe3+ {[%clk 0:01:36]} 24. Kb1 {[%clk 0:00:54]}  bxc6 {[%clk 0:01:37]} 25. Rd3 {[%clk 0:00:50]}  Qe5 {[%clk 0:01:36]} 26. Rb3+ {[%clk 0:00:49]}  Ka8 {[%clk 0:01:36]} 27. Qh6 {[%clk 0:00:42]}  Qd6 {[%clk 0:01:21]} 28. Qd2 {[%clk 0:00:39]}  c5 {[%clk 0:01:19]} 29. Nc3 {[%clk 0:00:38]}  Qc6 {[%clk 0:01:06]} 30. Nb5 {[%clk 0:00:35]}  a6 {[%clk 0:00:42]} 31. Qa5 {[%clk 0:00:33]}  Rd7 {[%clk 0:00:40]} 32. Nxc7+ {[%clk 0:00:23]}  Qxc7 {[%clk 0:00:38]} 33. Qxa6+ {[%clk 0:00:22]}  Qa7 {[%clk 0:00:39]} 34. Qc6+ {[%clk 0:00:22]}  Rb7 {[%clk 0:00:39]} 35. Rf7 {[%clk 0:00:21]}  Rb8 {[%clk 0:00:38]} 36. Qxd5 {[%clk 0:00:18]}  Qa6 {[%clk 0:00:16]} 37. Rbxb7 {[%clk 0:00:15]}  Rxb7 {[%clk 0:00:17]} 38. Rf8+ {[%clk 0:00:15]}  Ka7 {[%clk 0:00:16]} 39. Qxc5+ {[%clk 0:00:15]}  Rb6 {[%clk 0:00:16]} 40. Rxh8 {[%clk 0:00:10]}  Qf1+ {[%clk 0:00:15]} 41. Ka2 {[%clk 0:00:10]}  Qf7+ {[%clk 0:00:13]} 42. b3 {[%clk 0:00:09]}  Kb7 {[%clk 0:00:10]} 43. Qc8+ {[%clk 0:00:08]} 1-0

[Event "April 9 Late 2024"]
[Site "Chess.com"]
[Date "2024.04.09"]
[Round "10"]
[White "Ghimoyan, Narek"]
[Black "Gabrielian, Artur"]
[Result "0-1"]
[Board "30"]
[WhiteFideId "13315412"]
[BlackFideId "4131002"]
[WhiteTitle "CM"]
[BlackTitle "GM"]
[WhiteElo "2540"]
[BlackElo "2779"]
[WhiteTeam "ARM"]
[BlackTeam "RUS"]
[WhiteClock "0:00:03"]
[BlackClock "0:00:10"]
[Variant "Standard"]

1. d4 {[%clk 0:03:00]}  Nf6 {[%clk 0:02:59]} 2. Nf3 {[%clk 0:03:01]}  g6 {[%clk 0:02:58]} 3. c4 {[%clk 0:03:01]}  Bg7 {[%clk 0:02:59]} 4. Nc3 {[%clk 0:03:01]}  O-O {[%clk 0:02:59]} 5. g3 {[%clk 0:03:02]}  d6 {[%clk 0:02:59]} 6. Bg2 {[%clk 0:03:02]}  Nc6 {[%clk 0:02:59]} 7. d5 {[%clk 0:03:01]}  Na5 {[%clk 0:02:58]} 8. b3 {[%clk 0:03:02]}  c5 {[%clk 0:02:43]} 9. Bb2 {[%clk 0:03:00]}  a6 {[%clk 0:02:42]} 10. O-O {[%clk 0:02:58]}  b5 {[%clk 0:02:40]} 11. cxb5 {[%clk 0:02:47]}  axb5 {[%clk 0:02:35]} 12. Nxb5 {[%clk 0:02:48]}  Ba6 {[%clk 0:02:34]} 13. Nc3 {[%clk 0:02:47]}  Rb8 {[%clk 0:02:34]} 14. Re1 {[%clk 0:02:43]}  c4 {[%clk 0:02:28]} 15. Nd4 {[%clk 0:02:42]}  Nd7 {[%clk 0:02:18]} 16. Ne4 {[%clk 0:02:23]}  Qb6 {[%clk 0:02:06]} 17. b4 {[%clk 0:01:41]}  Qxb4 {[%clk 0:01:57]} 18. Rb1 {[%clk 0:01:39]}  Nc5 {[%clk 0:01:07]} 19. Nc6 {[%clk 0:01:27]}  Nxc6 {[%clk 0:01:03]} 20. Bxg7 {[%clk 0:01:26]}  Qxb1 {[%clk 0:00:59]} 21. Qxb1 {[%clk 0:01:21]}  Rxb1 {[%clk 0:00:59]} 22. Rxb1 {[%clk 0:01:20]}  Kxg7 {[%clk 0:00:57]} 23. Nxc5 {[%clk 0:01:17]}  dxc5 {[%clk 0:00:52]} 24. dxc6 {[%clk 0:01:18]}  Rc8 {[%clk 0:00:47]} 25. Bf3 {[%clk 0:01:14]}  c3 {[%clk 0:00:46]} 26. Rc1 {[%clk 0:01:13]}  c4 {[%clk 0:00:41]} 27. Rxc3 {[%clk 0:01:12]}  Bb5 {[%clk 0:00:38]} 28. a4 {[%clk 0:01:02]}  Ba6 {[%clk 0:00:38]} 29. Kf1 {[%clk 0:00:57]}  f5 {[%clk 0:00:38]} 30. Ke1 {[%clk 0:00:55]}  Kf6 {[%clk 0:00:35]} 31. Kd2 {[%clk 0:00:52]}  e5 {[%clk 0:00:35]} 32. e3 {[%clk 0:00:29]}  e4 {[%clk 0:00:35]} 33. Be2 {[%clk 0:00:29]}  Rxc6 {[%clk 0:00:36]} 34. Rc1 {[%clk 0:00:28]}  c3+ {[%clk 0:00:29]} 35. Ke1 {[%clk 0:00:27]}  Bd3 {[%clk 0:00:28]} 36. Bd1 {[%clk 0:00:24]}  Ke5 {[%clk 0:00:17]} 37. a5 {[%clk 0:00:21]}  Rc5 {[%clk 0:00:14]} 38. Be2 {[%clk 0:00:18]}  Kd6 {[%clk 0:00:11]} 39. a6 {[%clk 0:00:18]}  Kc7 {[%clk 0:00:12]} 40. Ra1 {[%clk 0:00:18]}  Kb8 {[%clk 0:00:11]} 41. Kd1 {[%clk 0:00:17]}  Ka7 {[%clk 0:00:11]} 42. Rc1 {[%clk 0:00:12]}  Kxa6 {[%clk 0:00:10]} 43. f3 {[%clk 0:00:13]}  Kb6 {[%clk 0:00:10]} 44. fxe4 {[%clk 0:00:12]}  fxe4 {[%clk 0:00:10]} 45. Ke1 {[%clk 0:00:12]}  Kb5 {[%clk 0:00:11]} 46. Bd1 {[%clk 0:00:12]}  Kb4 {[%clk 0:00:11]} 47. Ra1 {[%clk 0:00:12]}  c2 {[%clk 0:00:11]} 48. Bxc2 {[%clk 0:00:11]}  Rxc2 {[%clk 0:00:11]} 49. Ra7 {[%clk 0:00:12]}  Rxh2 {[%clk 0:00:11]} 50. Rc7 {[%clk 0:00:11]}  h5 {[%clk 0:00:10]} 51. Kd1 {[%clk 0:00:10]}  g5 {[%clk 0:00:10]} 52. Rg7 {[%clk 0:00:10]}  g4 {[%clk 0:00:10]} 53. Rg5 {[%clk 0:00:09]}  Kc3 {[%clk 0:00:10]} 54. Rc5+ {[%clk 0:00:09]}  Bc4 {[%clk 0:00:11]} 55. Ke1 {[%clk 0:00:10]}  Re2+ {[%clk 0:00:10]} 56. Kd1 {[%clk 0:00:11]}  Rxe3 {[%clk 0:00:11]} 57. Rc7 {[%clk 0:00:10]}  Rxg3 {[%clk 0:00:11]} 58. Ke1 {[%clk 0:00:10]}  Rf3 {[%clk 0:00:11]} 59. Rf7 {[%clk 0:00:03]}  Rxf7 {[%clk 0:00:10]} 0-1